000 00804nam a2200265Ia 4500
003 OSt
005 20220924124222.0
006 a|||||r|||| 00| 0
007 ta
008 220923b |||||||| |||| 00| 0 urd d
020 _c127
024 _a291065
037 _b4689, 09/03/2016, Kitabi Duniya
_cTextual
040 _aARTS
_cARTS
_burd
041 _2urd
_aurd
082 _aR851, 168P4
100 _aHaq. Habib Au.
_9195215
245 0 _aClassiki unan
_btehzeeb falsafa funoon-e-latrifa
260 _aNew Delhi
_b National Council for Urdu Language. India
_c2004
300 _a248p.
_ccm.
650 _a PHILOSOPHY
650 _aGREEK PHILOSOPHY
_9195216
942 _hR851, 168P4
_cTEXL
_2CC
999 _c418853
_d418853